| 000 | 00556nam a2200169 i 4500 | ||
|---|---|---|---|
| 001 | 112314 | ||
| 003 | ES-MaACL | ||
| 005 | 20230906185513.0 | ||
| 007 | t| | ||
| 008 | 061121s1966 sz |||| | fre d | ||
| 100 | 1 |
_aNiehans, Paul. _985629 |
|
| 245 | 1 | 0 |
_aProphylaxie du cancer _b: conférence faite le 22 avril 1966 áa l'académie Pontificale des Sciences áa Rome / _cPaul Niehans. |
| 260 |
_aBerne : _b[s. n.], _c[1966?] ( _fTip. Stömpfli) |
||
| 300 |
_a18 p. ; _c20 cm. |
||
| 650 | 0 | 4 |
_aCáncer- _xPrevención. _910720 |
| 852 |
_aES-MaACL _j2058-F-23 |
||
| 999 |
_c112314 _d112314 |
||